|
|
|
|
| LEADER |
00000nab a2200000ua 4500 |
| 001 |
vtls010849456 |
| 003 |
SK-MaSNL |
| 005 |
20260303134826.0 |
| 008 |
230218s xo |||||||||||||||||fre| |
| 035 |
|
|
|a (urnnbn)urn:nbn:sk:snk:ar-a079m7
|
| 035 |
|
|
|a urn:nbn:sk:snk-ab6a5e
|
| 035 |
|
|
|a (uuid)45238326-5b7c-4b22-ae08-5d1a71a74095
|
| 040 |
|
|
|a SNKBUCL
|b slo
|c SNKBUCL
|e AACR2
|
| 041 |
0 |
|
|a fre
|
| 044 |
|
|
|a xo
|c SK
|
| 100 |
1 |
|
|a Primovski, Anastas
|4 aut
|9 1155690
|
| 245 |
1 |
0 |
|a Hristo Vakarelski et l'ethnographie Bulgare
|c Anastas Primovski
|
| 773 |
0 |
|
|t Ethnologia slavica : zborník Filozofickej fakulty Univerzity Komenského
|g Roč. 10-11, č. 10-11 (1978-79), s. 177-181
|
| 958 |
|
|
|a OND
|
| 958 |
|
|
|a EUIPO
|
| 958 |
|
|
|a article5
|
| 999 |
|
|
|c 1962002
|d 1963932
|